[Event "Indian independent day : 2015 (world cup)"]
[Site "SchemingMind.com"]
[Date "2015.07.18"]
[Round "-"]
[White "cnile"]
[Black "chesshub"]
[Result "0-1"]
[WhiteCountry "SCO"]
[BlackCountry "FRA"]
[WhiteElo "1477"]
[WhiteRD "65"]
[BlackElo "2504"]
[BlackRD "73"]
[GameID "383544"]

1. e4 c5 2. Nf3 d6 3. d4 cxd4 4. Nxd4 Nf6 5. Nc3 a6 6. Be2 e5 7. Nb3 Be7 8. Be3 Be6 9. O-O Nbd7 10. a4 Rc8
11. a5 O-O 12. f3 Qc7 13. Nd5 Bxd5 14. exd5 Qxc2 15. Nd2 Nxd5 16. Bf2 Nf4 17. Bb6 Nxb6 18. axb6 Qxb2 19. Rf2 Bh4 20. Rf1 Rc2
21. g3 Rxd2 22. Qa4 Nxe2+ 23. Kf2 Nf4+ 24. Ke3 Re2#
0-1

[Event "Indian independent day : 2015 (world cup)"]
[Site "SchemingMind.com"]
[Date "2015.07.18"]
[Round "-"]
[White "chesshub"]
[Black "cnile"]
[Result "1-0"]
[WhiteCountry "FRA"]
[BlackCountry "SCO"]
[WhiteElo "2504"]
[WhiteRD "73"]
[BlackElo "1477"]
[BlackRD "65"]
[GameID "383545"]

1. d4 e6 2. c4 d5 3. Nf3 Nf6 4. Nc3 c6 5. e3 Nbd7 6. Qc2 Bd6 7. Bd3 O-O 8. O-O h6 9. b3 Qc7 10. Bb2 Re8
11. c5 Be7 12. Rfc1 a6 13. Na4 Ra7 14. Rab1 Bf8 15. Ne5 Kh8 16. Nxf7+ Kg8 17. Ne5 Be7 18. f4 Nf8 19. Nb6 N8d7 20. g4 Nf8
21. Bg6 Nxg6 22. Qxg6 Nd7 23. Qxe8+ Bf8 24. Qf7+ Kh8 25. Ng6+ Kh7 26. Nxf8+ Kh8 27. Nxe6
1-0

[Event "Indian independent day : 2015 (world cup)"]
[Site "SchemingMind.com"]
[Date "2015.07.25"]
[Round "-"]
[White "khan mh"]
[Black "Yos"]
[Result "0-1"]
[WhiteCountry "PAK"]
[BlackCountry "INA"]
[WhiteElo "1361"]
[WhiteRD "115"]
[BlackElo "2171"]
[BlackRD "68"]
[GameID "383680"]

1. d4 c5 2. d5 e5 3. c4 d6 4. Nc3 Be7 5. e4 Bg5 6. Nf3 Bxc1 7. Qxc1 Nf6 8. Bd3 O-O 9. O-O Nh5 10. Qg5 Qxg5
11. Nxg5 Na6 12. Be2 Nf4 13. g3 Nxe2+ 14. Nxe2 Bg4
0-1

[Event "Indian independent day : 2015 (world cup)"]
[Site "SchemingMind.com"]
[Date "2015.07.24"]
[Round "-"]
[White "Yos"]
[Black "khan mh"]
[Result "1-0"]
[WhiteCountry "INA"]
[BlackCountry "PAK"]
[WhiteElo "2171"]
[WhiteRD "68"]
[BlackElo "1361"]
[BlackRD "115"]
[GameID "383681"]

1. c4 c5 2. Nc3 Nc6 3. g3 Nf6 4. Bg2 g6 5. Nf3 Bg7 6. O-O O-O 7. d3 d6 8. a3 a6 9. Rb1 Rb8 10. b4 cxb4
11. axb4 b5 12. cxb5 axb5 13. Be3 Ng4 14. Bd2 Qb6 15. Be3 Nxe3 16. fxe3 Bxc3 17. d4 Bxb4 18. Ng5
1-0

[Event "Indian independent day : 2015 (world cup)"]
[Site "SchemingMind.com"]
[Date "2015.07.23"]
[Round "-"]
[White "Scooter"]
[Black "Jari Laine"]
[Result "0-1"]
[WhiteCountry "USA"]
[BlackCountry "FIN"]
[WhiteElo "1713"]
[WhiteRD "49"]
[BlackElo "2298"]
[BlackRD "74"]
[GameID "383789"]

1. d4 c6 2. Nf3 d6 3. Bf4 Nf6 4. e3 Bg4 5. Be2 Nbd7 6. O-O Bxf3 7. Bxf3 e5 8. dxe5 dxe5 9. Bg5 Qb6 10. b3 e4
11. Bg4 Rd8 12. Bxd7+ Rxd7 13. Qe2 Be7 14. c4 Qa5 15. Bxf6 Bxf6
0-1

[Event "Indian independent day : 2015 (world cup)"]
[Site "SchemingMind.com"]
[Date "2015.07.23"]
[Round "-"]
[White "Jari Laine"]
[Black "Scooter"]
[Result "1-0"]
[WhiteCountry "FIN"]
[BlackCountry "USA"]
[WhiteElo "2298"]
[WhiteRD "74"]
[BlackElo "1713"]
[BlackRD "49"]
[GameID "383790"]

1. e4 c6 2. d4 d5 3. Nc3 dxe4 4. Nxe4 Bf5 5. Ng3 Bg6 6. N1e2 Nd7 7. h4 h6 8. Nf4 Bh7 9. Bc4 Qc7 10. Qh5 O-O-O
11. Bxf7 Ngf6 12. Qe2
1-0

[Event "Indian independent day : 2015 (world cup)"]
[Site "SchemingMind.com"]
[Date "2015.07.23"]
[Round "-"]
[White "Erik Johnson"]
[Black "Stephen Woodhouse"]
[Result "1-0"]
[WhiteCountry "USA"]
[BlackCountry "ENG"]
[WhiteElo "1667"]
[WhiteRD "75"]
[BlackElo "1854"]
[BlackRD "48"]
[GameID "383817"]

1. e4 e6 2. d4 d5 3. exd5 exd5 4. Nf3 Bf5 5. Bf4 Bd6 6. Bxd6 Qxd6 7. Bd3 Ne7 8. O-O O-O 9. Nc3 c6 10. Re1 Bxd3
11. Qxd3 Nd7 12. Re3 Rfe8 13. Rae1 Nf6 14. Qe2 Kf8 15. Ng5 Ng6 16. Nxh7+
1-0

[Event "Indian independent day : 2015 (world cup)"]
[Site "SchemingMind.com"]
[Date "2015.07.24"]
[Round "-"]
[White "Stephen Woodhouse"]
[Black "Erik Johnson"]
[Result "1-0"]
[WhiteCountry "ENG"]
[BlackCountry "USA"]
[WhiteElo "1854"]
[WhiteRD "48"]
[BlackElo "1667"]
[BlackRD "75"]
[GameID "383818"]

1. e4 d5 2. exd5 Qxd5 3. Nf3 Bg4 4. Be2 Qe4 5. Nc3 Qe6 6. O-O h5 7. h3 Bf5 8. Nd4 Qg6 9. Nxf5 Qxf5 10. d4 g5
11. Bxh5 Nf6 12. Bf3 c6 13. Re1 a5 14. Re5 Qd7 15. Bxg5 Bg7 16. Qe2 Nd5 17. Nxd5 Bxe5 18. Qxe5 cxd5 19. Qxh8#
1-0

[Event "Indian independent day : 2015 (world cup)"]
[Site "SchemingMind.com"]
[Date "2015.07.23"]
[Round "-"]
[White "Dan Geana"]
[Black "John Galvin"]
[Result "1-0"]
[WhiteCountry "ROU"]
[BlackCountry "USA"]
[WhiteElo "2514"]
[WhiteRD "105"]
[BlackElo "2128"]
[BlackRD "75"]
[GameID "383826"]

1. e4 c5 2. Nf3 e6 3. d4 cxd4 4. Nxd4 Nc6 5. Nc3 Nf6 6. Nxc6 bxc6 7. e5 Nd5 8. Ne4 Qc7 9. f4 Qb6 10. c4 Ne3
11. Qd3
1-0

[Event "Indian independent day : 2015 (world cup)"]
[Site "SchemingMind.com"]
[Date "2015.07.24"]
[Round "-"]
[White "John Galvin"]
[Black "Dan Geana"]
[Result "0-1"]
[WhiteCountry "USA"]
[BlackCountry "ROU"]
[WhiteElo "2128"]
[WhiteRD "75"]
[BlackElo "2514"]
[BlackRD "105"]
[GameID "383827"]

1. e4 e5 2. Nf3 Nc6 3. Bc4 Bc5 4. b4 Bxb4 5. c3 Be7 6. d4 Na5 7. Be2 d6 8. dxe5 dxe5 9. Qa4+ c6 10. Nxe5 Nf6
11. Bf4 b5
0-1

[Event "Indian independent day : 2015 (world cup)"]
[Site "SchemingMind.com"]
[Date "2015.07.23"]
[Round "-"]
[White "dadshane2000"]
[Black "maro"]
[Result "1-0"]
[WhiteCountry "USA"]
[BlackCountry "MEX"]
[WhiteElo "1909"]
[WhiteRD "91"]
[BlackElo "1435"]
[BlackRD "62"]
[GameID "383830"]

1. e4 e5 2. Nf3 Nc6 3. Bc4 Bc5 4. b4 Bxb4 5. c3 Bc5 6. d4 exd4 7. O-O dxc3 8. Bxf7+ Kxf7 9. Qd5+ Kf8 10. Qxc5+ d6
11. Qxc3 Nf6 12. Nbd2 Be6 13. Re1 Kf7 14. Ng5+ Ke7 15. Nxe6 Kxe6 16. f4 Re8 17. Qb3+ Ke7 18. Nf3 h6 19. Bb2 Na5 20. Qc3 Rf8
21. Qxa5 Kf7 22. Rad1 Re8 23. e5 Ng4 24. h3 b6 25. Qd5+ Re6 26. hxg4
1-0

[Event "Indian independent day : 2015 (world cup)"]
[Site "SchemingMind.com"]
[Date "2015.07.23"]
[Round "-"]
[White "maro"]
[Black "dadshane2000"]
[Result "0-1"]
[WhiteCountry "MEX"]
[BlackCountry "USA"]
[WhiteElo "1385"]
[WhiteRD "56"]
[BlackElo "1898"]
[BlackRD "94"]
[GameID "383831"]

1. d4 Nf6 2. c4 e6 3. Nc3 Bb4 4. Bd2 b6 5. e4 Bxc3 6. Bxc3 Nxe4 7. Ne2 Qf6 8. f3 Nxc3 9. Nxc3 Nc6 10. Ne4 Qxd4
11. Qxd4 Nxd4 12. Bd3 Bb7 13. O-O d5 14. cxd5 Bxd5 15. Ng5 h6 16. Nh3 c5 17. a4 Nb3 18. Rad1 c4 19. Be2 O-O-O 20. Nf4 g5
21. Nh5 Nc5 22. Ra1 Nb3 23. Rad1 Nc5 24. Nf6 Nxa4 25. Ra1 b5 26. Rfc1 Kb7 27. b3 Nb6 28. bxc4 Bxc4 29. Bxc4 Nxc4 30. Rab1 Kc6
31. Ra1 Ra8 32. Ne4 Rhd8 33. Kf2 f5 34. Ra6+ Kc7 35. Nc5 Rd2+ 36. Kg1 Ne3 37. Nxe6+ Kb7 38. Nc5+ Kb8 39. Rxh6 a5 40. Rh8+ Ka7
41. Rh7+ Kb6 42. Nb3 Rxg2+ 43. Kh1 Rc2 44. Rh6+ Kc7 45. Re1 Rd8 46. Rxe3 Rd1+ 47. Re1 Rxe1#
0-1

[Event "Indian independent day : 2015 (world cup)"]
[Site "SchemingMind.com"]
[Date "2015.07.25"]
[Round "-"]
[White "palberto63"]
[Black "Robert Bruce"]
[Result "0-1"]
[WhiteCountry "CUB"]
[BlackCountry "SCO"]
[WhiteElo "2229"]
[WhiteRD "67"]
[BlackElo "2238"]
[BlackRD "63"]
[GameID "383858"]

1. d4 d5 2. Nf3 Nf6 3. g3 Bf5 4. Bg2 e6 5. O-O Be7 6. Nh4 Bg6 7. Nxg6 hxg6 8. Nd2 Nc6 9. c3 Qd7 10. b4 O-O-O
11. Re1 e5 12. b5 Nb8 13. dxe5 Ng4
0-1

[Event "Indian independent day : 2015 (world cup)"]
[Site "SchemingMind.com"]
[Date "2015.07.25"]
[Round "-"]
[White "Robert Bruce"]
[Black "palberto63"]
[Result "1-0"]
[WhiteCountry "SCO"]
[BlackCountry "CUB"]
[WhiteElo "2238"]
[WhiteRD "63"]
[BlackElo "2229"]
[BlackRD "67"]
[GameID "383859"]

1. c4 Nf6 2. g3 e6 3. Bg2 c6 4. Nf3 d5 5. b3 Be7 6. O-O O-O 7. Bb2 b6 8. d3 Nbd7 9. Nbd2 Bb7 10. e4 Qb8
11. Qe2 dxe4 12. dxe4 e5 13. Nh4
1-0

[Event "Indian independent day : 2015 (world cup)"]
[Site "SchemingMind.com"]
[Date "2015.07.27"]
[Round "-"]
[White "kenneth m day"]
[Black "frankly"]
[Result "0-1"]
[WhiteCountry "USA"]
[BlackCountry "ENG"]
[WhiteElo "1630"]
[WhiteRD "54"]
[BlackElo "2463"]
[BlackRD "57"]
[GameID "383887"]

1. e4 c5 2. d4 cxd4 3. c3 dxc3 4. Nxc3 Nc6 5. Nf3 d6 6. Bc4 e6 7. O-O Be7 8. Qe2 a6 9. Rd1 b5 10. Bb3 Ra7
11. Be3 Rd7 12. Rac1 Bb7 13. Rc2 Na5 14. Rcd2 Nf6 15. e5 Bxf3 16. Qxf3 dxe5 17. Qg3 Rxd2 18. Rxd2 Qc7 19. Qxg7 Rg8 20. Qh6 Qc6
21. Qh3 Nxb3 22. axb3 b4 23. Ne2 Qe4 24. Ng3 Rxg3 25. hxg3 Qb1+ 26. Kh2 h5 27. g4 Nxg4+ 28. Kg3 Qf5
0-1

[Event "Indian independent day : 2015 (world cup)"]
[Site "SchemingMind.com"]
[Date "2015.07.27"]
[Round "-"]
[White "frankly"]
[Black "kenneth m day"]
[Result "1-0"]
[WhiteCountry "ENG"]
[BlackCountry "USA"]
[WhiteElo "2463"]
[WhiteRD "57"]
[BlackElo "1630"]
[BlackRD "54"]
[GameID "383888"]

1. d4 d5 2. Nf3 Nf6 3. c4 e6 4. Nc3 c6 5. Bg5 Be7 6. e3 O-O 7. Qc2 Nbd7 8. Rd1 c5 9. dxc5 Bxc5 10. cxd5 exd5
11. Nxd5 Qa5+ 12. Qc3 Qxc3+ 13. Nxc3 h6 14. Bh4 Nh5 15. Be2 g5 16. g4 Nhf6 17. Bg3 Nxg4 18. h4 Be7 19. hxg5 Bxg5 20. Nxg5 Nde5
21. Nge4 Bf5 22. f3 Nxe3 23. Bxe5 Nxd1 24. Bc4 Bxe4 25. Rg1+ Bg6 26. Rxg6+ Kh7 27. Rg7+ Kh8 28. Rxf7+ Kg8 29. Rg7+
1-0

[Event "Indian independent day : 2015 (world cup)"]
[Site "SchemingMind.com"]
[Date "2015.07.30"]
[Round "-"]
[White "emvarela"]
[Black "jnable"]
[Result "1-0"]
[WhiteCountry "ARG"]
[BlackCountry "PHI"]
[WhiteElo "1690"]
[WhiteRD "47"]
[BlackElo "1749"]
[BlackRD "141"]
[GameID "383938"]

1. e4 e5 2. Nf3 Nc6 3. Bb5 Nf6 4. d3 Bc5 5. Bxc6 dxc6 6. Bg5 Qe7 7. O-O O-O 8. Nbd2 h6 9. Bxf6 Qxf6 10. Nc4 Bd6
11. Nxd6 cxd6 12. h3 Be6 13. Nh2 Rad8 14. Qd2 d5 15. exd5 cxd5 16. Rae1 Qg6 17. Qe3 f6 18. f4 d4 19. Qe4 Qxe4 20. Rxe4 Bd5
21. Re2 Rfe8 22. fxe5 fxe5 23. b3 Rd6 24. Nf3 Rde6 25. Rfe1 Bxf3 26. gxf3 b5 27. f4 Ra6 28. fxe5 Rxa2 29. c4 Rxe2 30. Rxe2 bxc4
31. bxc4 Kf7 32. Re4 Ke6 33. Rxd4 Rb8 34. Rd5 Rb4 35. Kf2 g5 36. Kf3 Kf5 37. Ke3 h5 38. Kd4 g4 39. e6+ Kxe6 40. Rxh5 gxh3
41. Rxh3 a5 42. Rh6+ Kd7 43. Ra6 a4 44. Kc5 Rb3 45. d4 a3 46. d5 Rd3 47. Ra7+ Kd8 48. Kd6 Kc8 49. c5 Rg3 50. Kc6 Rg6+
51. d6 Kb8 52. Rxa3
1-0

[Event "Indian independent day : 2015 (world cup)"]
[Site "SchemingMind.com"]
[Date "2015.07.30"]
[Round "-"]
[White "jnable"]
[Black "emvarela"]
[Result "1-0"]
[WhiteCountry "PHI"]
[BlackCountry "ARG"]
[WhiteElo "1821"]
[WhiteRD "148"]
[BlackElo "1700"]
[BlackRD "49"]
[GameID "383939"]

1. d4 Nf6 2. c4 e6 3. Nc3 Bb4 4. f3 d5 5. Bg5 h6 6. Bh4 g5 7. Bf2 Bd7 8. Qb3 Bxc3+ 9. bxc3 b6 10. cxd5 exd5
11. e3 Nc6 12. Bb5 a6 13. Bxc6 Bxc6 14. Ne2 Bb5 15. a4 Bxe2 16. Kxe2 Qd6 17. Qb4 Qxb4 18. cxb4 Ke7 19. Rhc1 Kd7 20. Kd3 Ne8
21. e4 dxe4+ 22. fxe4 Nd6 23. e5 Ne8 24. Rc2 Rd8 25. Rac1 h5 26. h4 g4 27. Be3 Rc8 28. d5 Ng7 29. Ke4 Rhe8 30. Bh6 f5+
31. Kf4 Re7 32. d6 Rf7 33. Bxg7
1-0

[Event "Indian independent day : 2015 (world cup)"]
[Site "SchemingMind.com"]
[Date "2015.08.03"]
[Round "-"]
[White "DemidovL"]
[Black "MazetaFighter"]
[Result "1-0"]
[WhiteCountry "RUS"]
[BlackCountry "GRE"]
[WhiteElo "2107"]
[WhiteRD "159"]
[BlackElo "2029"]
[BlackRD "83"]
[GameID "384005"]

1. d4 Nf6 2. Nf3 d5 3. Bf4 c5 4. dxc5 e6 5. Nc3 Bxc5 6. e3 O-O 7. Bd3 Nc6 8. O-O Re8 9. Na4 Be7 10. c4 Nh5
11. Be5 Nxe5 12. Nxe5 Nf6 13. cxd5 Qxd5 14. f4 Bd6 15. Nc3 Qc5 16. Nc4 Bc7 17. Qc2 Bd7 18. a4 e5 19. fxe5 Rxe5 20. Rxf6 gxf6
21. Ne4 Rxe4 22. Bxe4 f5 23. Bxb7 Rb8 24. Bf3 Be6 25. Rc1 f4 26. Kh1 Rb4 27. b3 fxe3 28. Nxe3 Qxc2 29. Nxc2 Rh4 30. h3 Bf4
31. Rf1 Bxb3 32. Nd4 Be6 33. Bg4 Bd6 34. Nxe6 fxe6 35. Rd1
1-0

[Event "Indian independent day : 2015 (world cup)"]
[Site "SchemingMind.com"]
[Date "2015.08.03"]
[Round "-"]
[White "MazetaFighter"]
[Black "DemidovL"]
[Result "0-1"]
[WhiteCountry "GRE"]
[BlackCountry "RUS"]
[WhiteElo "2058"]
[WhiteRD "77"]
[BlackElo "1977"]
[BlackRD "199"]
[GameID "384006"]

1. e4 e5 2. Nf3 Nf6 3. Nxe5 d6 4. Nf3 Nxe4 5. d4 d5 6. Bd3 Nc6 7. O-O Be7 8. c4 Nb4 9. Be2 O-O 10. Nc3 Be6
11. Ne5 Re8 12. a3 Nxc3 13. bxc3 Nc6 14. Nxc6 bxc6 15. c5 Bf5 16. Qa4 Bxc5 17. Qxc6 Bd6 18. Bf3 Bd3 19. Rd1 Bc2 20. Rf1 Bb3
21. Bd2 Re6 22. Qb7 Bxh2+
0-1

[Event "Indian independent day : 2015 (world cup)"]
[Site "SchemingMind.com"]
[Date "2015.08.03"]
[Round "-"]
[White "NovikovE"]
[Black "Helga1946"]
[Result "1/2-1/2"]
[WhiteCountry "RUS"]
[BlackCountry "GER"]
[WhiteElo "2167"]
[WhiteRD "99"]
[BlackElo "2250"]
[BlackRD "71"]
[GameID "384007"]

1. d4 Nf6 2. c4 d5 3. cxd5 c6 4. dxc6 Nxc6 5. Nf3 e5 6. dxe5 Qxd1+ 7. Kxd1 Ng4 8. Ke1 Bc5 9. e3 Ngxe5 10. Nxe5 Nxe5
11. Bd2 Be6 12. Bc3 f6 13. Bxe5 fxe5 14. Bd3 Rc8 15. Nd2 g6 16. Ke2 O-O 17. Bc4 Bxc4+ 18. Nxc4 b5 19. Nxe5 Bd6 20. Nd3 Rc2+
21. Kd1 Rfxf2 22. Nxf2 Rxf2 23. a4 b4 24. b3 Rxg2 25. Rc1 Rb2 26. Rf1 Rxb3 27. Rc8+ Kg7 28. Rd8 Bc5 29. Rd7+ Kh6 30. Rff7 Rc3
31. Rxh7+ Kg5 32. Rb7 Bb6 33. Rhd7 b3 34. Rd5+ Kf6 35. Rb5 Rd3+ 36. Kc1 Bxe3+ 37. Kb1 Rd1+ 38. Kb2 Rd2+ 39. Kxb3 Rxh2 40. Rc7 Rg2
41. Rc6+ Kg7 42. a5 Bg1 43. Rd5 Rg4 44. Rc4 Rg3+ 45. Rc3 Rg4 46. Rc4 Rg3+ 47. Ka4 Kh6 48. Rh4+ Kg7 49. Rd6 Rg5 50. a6 Bc5
51. Rc6 Bf2 52. Rf4 Be3 53. Re4 Bf2 54. Re7+ Kh6 55. Rcc7 Rg1 56. Rh7+ Kg5 57. Rcf7 Bb6 58. Kb5 Kg4 59. Rh6 g5 60. Kc6 Ra1
61. Kb7 Kg3 62. Rhf6 Ra4 63. Rf3+=
1/2-1/2

[Event "Indian independent day : 2015 (world cup)"]
[Site "SchemingMind.com"]
[Date "2015.08.03"]
[Round "-"]
[White "Helga1946"]
[Black "NovikovE"]
[Result "1/2-1/2"]
[WhiteCountry "GER"]
[BlackCountry "RUS"]
[WhiteElo "2250"]
[WhiteRD "71"]
[BlackElo "2167"]
[BlackRD "99"]
[GameID "384008"]

1. Nf3 Nf6 2. d4 d5 3. c4 dxc4 4. e3 e6 5. Bxc4 c5 6. O-O a6 7. dxc5 Bxc5 8. Qxd8+ Kxd8 9. Be2 Ke7 10. b3 Nbd7
11. Nbd2 b6 12. Ne1 a5 13. Bb2 Rd8 14. Nd3 Ba6 15. Nc4 Bxc4 16. bxc4 Rac8 17. Rfd1 Bd6 18. Rac1 h6 19. g3 e5 20. Rb1 g5
21. Kg2 g4 22. Ba1 Rg8 23. Rb5 Ke6 24. Rh1 h5 25. h3 Rc7 26. hxg4 hxg4 27. Rh6 Kf5 28. Bb2 Rc6 29. a4 Re8 30. Bd1 Kg5
31. Rh4 Kf5 32. Bc2 Ke6 33. Rh6 Rg8 34. Bb3 Bc5 35. Bc2 Bd6 36. Bb3 Bc5 37. Bd1 Bd6 38. Be2 Rc7 39. Kf1 Kf5 40. Kg2 Ke6
41. Ba1 Rg6 42. Rh4 Rg8 43. Rh6 Rg6 44. Rh4 Rg8 45. Bd1 Rc6 46. Bb3 Bc5 47. Bd1 Bd6 48. Bb2 Rgc8 49. Bb3 Bc5 50. Bd1 Bd6
51. Bb3 Bc5 52. Ba2 Rg8 53. Rh6 Kf5 54. Bb1 Kg5 55. Rh4 Re8 56. Nf4 e4 57. Bd4 Rd6 58. Bc2 Kf5=
1/2-1/2

[Event "Indian independent day : 2015 (world cup)"]
[Site "SchemingMind.com"]
[Date "2015.08.03"]
[Round "-"]
[White "Clive Everill"]
[Black "LaykovD"]
[Result "0-1"]
[WhiteCountry "CZE"]
[BlackCountry "RUS"]
[WhiteElo "1679"]
[WhiteRD "56"]
[BlackElo "2136"]
[BlackRD "219"]
[GameID "384009"]

1. e4 c5 2. Nf3 d6 3. d4 cxd4 4. Nxd4 Nf6 5. Nc3 e5 6. Bb5+ Bd7 7. Bxd7+ Qxd7 8. Nde2 Qg4 9. Qd3 Qxg2 10. Rg1 Qxh2
11. Bg5 Nc6 12. Qf3 Qh5 13. Qg3 Be7 14. Bxf6 Bxf6 15. Nd5 O-O-O 16. O-O-O Qxe2 17. f3 Qc4 18. b3 Qc5 19. Rd3 Nb4 20. Nxb4 Qxb4
21. Rgd1 h5 22. Qh3+ Kb8 23. Qg2 d5 24. exd5 Qa3+ 25. Kd2 h4 26. Qh3 Qxa2 27. Qh2 Rc8 28. Rc3 Rxc3 29. Kxc3 Rc8+ 30. Kd3 Qb2
31. Rd2 Bg5 32. Rf2 Qd4+ 33. Ke2 Rxc2+ 34. Ke1 Qa1#
0-1

[Event "Indian independent day : 2015 (world cup)"]
[Site "SchemingMind.com"]
[Date "2015.08.03"]
[Round "-"]
[White "LaykovD"]
[Black "Clive Everill"]
[Result "1-0"]
[WhiteCountry "RUS"]
[BlackCountry "CZE"]
[WhiteElo "2136"]
[WhiteRD "219"]
[BlackElo "1679"]
[BlackRD "56"]
[GameID "384010"]

1. d4 d5 2. c4 e5 3. dxe5 d4 4. Nf3 Nc6 5. a3 Bg4 6. Qb3 Qd7 7. Qxb7 Rb8 8. Qa6 Rb6 9. Qa4 Bxf3 10. gxf3 Nxe5
11. Qxd7+ Nxd7 12. b4 Ngf6 13. c5 Rb8 14. e3 dxe3 15. fxe3 Be7 16. Nc3 O-O 17. Ba6 Ne5 18. f4 Nf3+ 19. Ke2 Nh4 20. e4 Ng6
21. e5 Nd7 22. Rd1 Rfd8 23. Be3 c6 24. Ne4 Ngf8 25. Rd3 f5 26. Bc4+ Kh8 27. Nd6 Bxd6 28. Rxd6 Rbc8 29. Rad1 Re8 30. Bf7 Re7
31. e6 Nxe6 32. Bxe6 Rxe6 33. Rxe6
1-0

[Event "Indian independent day : 2015 (world cup)"]
[Site "SchemingMind.com"]
[Date "2015.08.03"]
[Round "-"]
[White "VaynerA"]
[Black "Ramesh Panwar"]
[Result "0-1"]
[WhiteCountry "RUS"]
[BlackCountry "IND"]
[WhiteElo "1922"]
[WhiteRD "253"]
[BlackElo "2415"]
[BlackRD "59"]
[GameID "384011"]

1. d4 Nf6 2. c4 e6 3. Nf3 b6 4. e3 Be7 5. Bd3 Bb7 6. Nc3 d5 7. cxd5 exd5 8. Qa4+ c6 9. O-O O-O 10. Ne5 c5
11. Be2 a6 12. a3 Qc7 13. f4 Nc6 14. Rd1 Rad8 15. Bf3 Nxe5 16. dxe5 Ne4 17. Qc2 Nxc3 18. bxc3 c4 19. g3 Bc5 20. Qe2 f6
21. exf6 Rxf6 22. Kf1 Bc6 23. Qg2 b5 24. Ra2 Rfd6 25. Re2 Qa5 26. Bb2 Qb6 27. Rde1 Re8 28. Qf2 Rd7 29. Bc1 Qa5 30. Bb2 Qd8
31. Rd1 Qf6 32. Qg2 Kh8 33. e4 dxe4 34. Rxd7 Bxd7 35. Rxe4 Rf8 36. Re5 Bd6 37. Rd5 Re8 38. Qd2 Bh3+ 39. Bg2= Bxg2+ 40. Kxg2 Bc7
41. Qd1 Qe6 42. Rd2 h6 43. h4 Qe3 44. Ba1 Qe4+ 45. Qf3 Qe1 46. Ra2 Bb6 47. Qf1 Qe4+ 48. Kh3 Qf5+ 49. Kg2 Re3 50. Kh2 Qd3
51. Qf2 Re6 52. Qd2 h5 53. a4 bxa4 54. Kh3 Qf3 55. Qg2 Qg4+ 56. Kh2 Re1 57. Rb2 Bg1+
0-1

[Event "Indian independent day : 2015 (world cup)"]
[Site "SchemingMind.com"]
[Date "2015.08.03"]
[Round "-"]
[White "Ramesh Panwar"]
[Black "VaynerA"]
[Result "1/2-1/2"]
[WhiteCountry "IND"]
[BlackCountry "RUS"]
[WhiteElo "2415"]
[WhiteRD "59"]
[BlackElo "1922"]
[BlackRD "253"]
[GameID "384012"]

1. d4 d5 2. c4 e6 3. Nc3 Nf6 4. Bg5 Be7 5. Nf3 O-O 6. e3 h6 7. Bh4 Nbd7 8. Rc1 b6 9. cxd5 exd5 10. Bd3 Bb7
11. O-O Ne4 12. Qa4 Bxh4 13. Nxh4 b5 14. Qa5 Qxh4 15. Qxc7 Nxc3 16. Qxb7 Nxa2 17. Ra1 Nb4 18. Qxd7 Rfd8 19. Qb7 Rab8 20. Qxa7 Nxd3
21. Qa3 Qe4 22. Rad1 Nxb2 23. Qxb2 Rdc8 24. Qb4 Qe6 25. Rb1 Rc4 26. Qd2 b4 27. Rb3 Qe7 28. Rfb1 Ra8 29. h4 Ra4 30. R3b2 Kh8
31. g3 Kh7 32. Qd3+ g6 33. h5 Kg7 34. Qd1 Ra8 35. Qf3 Qd6 36. Kg2 Ra5 37. g4 g5 38. Qf5 Ra3 39. Kf1 Ra6 40. Kg2= Ra7
41. Qf3 Ra3 42. Qf5 Kg8 43. Rb3 Rxb3 44. Rxb3 Kg7 45. Rb2 Rc6 46. Rb1=
1/2-1/2

[Event "Indian independent day : 2015 (world cup)"]
[Site "SchemingMind.com"]
[Date "2015.08.03"]
[Round "-"]
[White "DrozdM"]
[Black "John Hamer"]
[Result "1-0"]
[WhiteCountry "RUS"]
[BlackCountry "ENG"]
[WhiteElo "2258"]
[WhiteRD "201"]
[BlackElo "2013"]
[BlackRD "60"]
[GameID "384027"]

1. d4 Nf6 2. Nf3 g6 3. c4 Bg7 4. Nc3 O-O 5. e4 d6 6. Be2 Nbd7 7. h3 e5 8. dxe5 dxe5 9. O-O c6 10. Qc2 Qe7
11. Rd1 Nh5 12. Bg5 f6 13. Be3 f5 14. exf5 gxf5 15. Ne1 f4 16. Bd2 Ndf6 17. a4 Re8 18. Ne4 Nxe4 19. Qxe4 Nf6 20. Qc2 Bh6
21. Nf3 e4 22. Nd4 Qg7 23. Kh1 e3 24. Be1 c5 25. Nf3 Ne4 26. Bd3 Qg6 27. fxe3 fxe3 28. Bxe4 Qxe4 29. Qxe4 Rxe4 30. Rd8+ Kf7
31. Bc3 e2 32. Re1 Bg5 33. Nxg5+
1-0

[Event "Indian independent day : 2015 (world cup)"]
[Site "SchemingMind.com"]
[Date "2015.08.03"]
[Round "-"]
[White "John Hamer"]
[Black "DrozdM"]
[Result "0-1"]
[WhiteCountry "ENG"]
[BlackCountry "RUS"]
[WhiteElo "2013"]
[WhiteRD "60"]
[BlackElo "2258"]
[BlackRD "201"]
[GameID "384028"]

1. e4 e5 2. Nf3 Nf6 3. Bc4 Nxe4 4. Nc3 Nxc3 5. dxc3 f6 6. O-O d6 7. Nh4 g6 8. f4 d5 9. Bxd5 c6 10. Bf3 Bc5+
11. Kh1 Qxd1 12. Rxd1 Nd7 13. f5 Kf7 14. b4 Be7 15. Be4 g5 16. Nf3 a5 17. Bd2 axb4 18. cxb4 Nb6 19. Bd3 Ra3 20. Be4 Rd8
21. Bd3= Nd5 22. Rdb1 b5 23. Rb2 Nb6 24. Be1 Nc4 25. Rb3 Rxb3 26. axb3 Nd6 27. Bg3 Bxf5 28. Rf1 e4 29. Bxd6 exd3 30. Bxe7 Kxe7
31. Re1+ Kf7 32. c4 bxc4 33. bxc4 d2 34. Rd1 g4
0-1

[Event "Indian independent day : 2015 (world cup)"]
[Site "SchemingMind.com"]
[Date "2015.07.30"]
[Round "-"]
[White "William Lindberg"]
[Black "Knightridar"]
[Result "1-0"]
[WhiteCountry "USA"]
[BlackCountry "IND"]
[WhiteElo "2247"]
[WhiteRD "66"]
[BlackElo "2076"]
[BlackRD "156"]
[GameID "384045"]

1. e4 c5 2. Nf3 d6 3. Bb5+ Bd7 4. Bxd7+ Nxd7 5. O-O Ngf6 6. Nc3 e6 7. d3 Be7 8. a4 O-O 9. Bf4 d5 10. Re1 a6
11. exd5 exd5 12. a5 Re8 13. Qd2 Rc8 14. Bg3 Rc6 15. h3 Nf8 16. Be5 Ne6 17. Re2 d4 18. Bxf6 Bxf6 19. Ne4 Be7 20. Rae1 Qc7
21. Neg5 Nf8 22. Nxf7 Kxf7 23. Ne5+ Kg8 24. Nxc6 bxc6 25. h4 h6 26. Re4 Ng6 27. h5 Nh8 28. Re6 Kf8 29. Qe2 Nf7 30. Qe4 Ng5
31. Qf5+ Kg8 32. Qg6 Nf7 33. Rf6 Rf8 34. Rxc6 Qd8 35. Qe6 Bd6 36. Re4 Bc7 37. Qc4 Bxa5 38. Qxc5 Qg5 39. Qxg5 Nxg5 40. Rxd4 Be1
41. f3 Re8 42. Rdc4 a5 43. Rc8 Rxc8 44. Rxc8+ Kf7 45. Kf1 Bd2 46. c3 Ne6 47. g3 a4 48. d4 Ke7 49. Ke2 Bc1 50. Rb8 a3
51. bxa3 Bxa3 52. f4 Bd6 53. Rb7+ Kd8 54. Kd3 Be7 55. c4 Nc7 56. c5 Nd5 57. Kc4
1-0